1300 1309 1663 1203 1827 1001 1846 1176 1525 1746 1529 1538 1435 1132 1645 1733 1010 1940 1846 1313 1796 1632 1620 1039 1596 1180 1357 1135 1432 1661 1393 1021 1436 1076 1103 1954 1703 1541 1394 1467 1367 1113 1365 1516 1516 1874 1571 1312 1856 1288 1777 1859 1828 1803 1982 1211 1917 1072 1573 1077 1765 1999 1846 1343 1698 1661 1875 1955 1921 1924 1026 1250 1459 1224 1910 1121 1252 1010 1430 1801 1987 1603 1982 1563 1314 1804 1622 1284 1376 1113 1810 1961 1355 1161 1325 1914 1423 1172 1073 BCNSPRNW ULIB Ver.6.0+V

เปลี่ยนเป็นภาษาไทย

Change to English
 แสดงรายละเอียดบรรณานุกรม
  กลับหน้าหลัก

Brief Record : Get Marc (ISO 2709) : E-mail record : QR code < ปิดหน้าต่าง
LEADER : 00000nam 2200000uu 4500
001    13399123726
003     ULIB
008    141119s2556||||th 000 0 tha d
020    ^a9786161603663
060 04 ^aWY154^bศ291ก
100 0  ^aดรุณี ชุณหะวัต
245 10 ^aการพยาบาลผู้ป่วยที่มีการผันแปรของออกซิเจน /^cดรุณี ชุณหะวัต; ปราณี ทู้ไพเราะ และมุกดา หนุ่ยศรี
260    ^aนนทบุรี :^bโครงการผลิตตำราจากเอกสารการสอน มหาวิทยาลัยสุโขทัยธรรมาธิราช,^c2556
300    ^a106 หน้า :^bภาพประกอบ ;^c18 ซม.
650  2 ^aOxygen Inhalation Therapy^xnursing.
650  2 ^aRespiratory Tract Diseases^xnursing.
650  4 ^aระบบหายใจ, โรค^xการพยาบาล
650  4 ^aการหายใจ^xภาวะพร่อง
650  4 ^aการรักษาโดยการสูดออกซิเจน
650  4 ^aระบบหัวใจและหลอดเลือด--โรค--การพยาบาล
700 0  ^aปราณี ทู้ไพเราะ; ผู้แต่งร่วม
700 0  ^aมุกดา หนุ่ยศรี; ผู้แต่งร่วม
945    ^p290^l0^i21781
945    ^p290^l0^i21782
999    ^aทศพร เกษรทอง
รายการนี้ยังไม่มีแท็ก
คุณยังไม่ได้ล็อกอิน คุณสามารถมีกิจกรรมร่วมกับเว็บไซต์ได้ แต่ต้องล็อกอินก่อน ::
  ล็อกอิน

รายการสื่อสารสนเทศ

ลำดับที่ ประเภท เลขเรียก/บาร์โค้ด สถานที่ สถานะ
1. Book การพยาบาล
หนังสือสำรอง
สถานะ=หนังสือสำรอง
WY154 ศ291ก ฉ.1 
  Barcode: 21781
ห้องสมุดวิทยาเขตนครสวรรค์
►หนังสือทั่วไป:l:General Books
บนชั้น
2. Book การพยาบาล
Book การพยาบาล
สถานะ=หนังสือเก่า
WY154 ศ291ก ฉ.2 
  Barcode: 21782
ห้องสมุดวิทยาเขตนครสวรรค์
►ส่วนจัดเก็บหนังสือเก่า นว.
บนชั้น
  ขอยืม

รายการใกล้เคียง
    ผู้แต่ง [ดรุณี ชุณหะวัต]

    หัวเรื่อง [การรักษาโดยการสูดออกซิเจน]
    หัวเรื่อง [ระบบหัวใจและหลอดเลือด--โรค--การพยาบาล]

BibComment


ยังไม่เคยถูกคอมเมนท์

คอมเมนท์ทรัพยากรรายการนี้
  คอมเมนท์: การพยาบาลผู้ป่วย..


 Copyright 2026. Bcnsprnw @Library